Biggest USA cities by letter - Statistics

General Stats
  • This quiz has been taken 133 times
  • The average score is 16 of 26
Answer Stats
Letter Population City % Correct
L 3,898,747 Los Angeles
96%
N 8,804,190 New York City
96%
C 2,696,555 Chicago
94%
D 1,300,092 Dallas
92%
B 675,647 Boston
90%
H 2,304,580 Houston
87%
A 931,830 Austin
84%
S 1,434,625 San Antonio
79%
I 887,642 Indianapolis
77%
J 954,614 Jacksonville
77%
P 1,608,139 Phoenix
77%
K 475,378 Kansas City
70%
W 689,545 Washington
68%
O 681,054 Oklahoma City
63%
F 918,915 Fort Worth
62%
E 681,124 El Paso
59%
M 633,104 Memphis
59%
R 451,066 Raleigh
56%
V 452,745 Virginia Beach
51%
T 531,641 Tucson
49%
G 285,342 Greensboro
40%
Y 206,544 Yonkers
33%
X 25,441 Xenia
26%
U 78,583 Upland
11%
Z 32.534 Zionsville
11%
Q 59,519 Queen Creek
5%
No matching quizzes found
Score Distribution
Percent of People with Each Score
Percentile by Number Answered
Your Score History
You have not taken this quiz